Pays les plus proches de Togo - sprint d'une minute - Statistiques

Statistiques générales
  • Ce quiz a été pris 129 fois
  • Le résultat moyen est 14 sur 20
Statistiques - réponses
km pays % Correct
191 Niger
92%
0 Bénin
90%
0 Ghana
89%
101 Nigeria
89%
0 Burkina Faso
87%
875 Guinée
87%
319 Côte d'Ivoire
84%
393 Mali
79%
763 Cameroun
75%
886 Liberia
74%
1231 Sénégal
73%
1160 Sierra Leone
68%
1359 Tchad
63%
757 Mauritanie
60%
1044 Gabon
56%
925 Algérie
55%
1355 Congo
48%
1395 République Centrafricaine
45%
801 Guinée équatoriale
39%
803 Sao Tomé-et-Principe
31%
Aucun quiz correspondant
Distribution des résultats
% des personnes avec chaque résultat
Percentile par nombre de réponses
Votre historique - résultats
Vous n’avez pas pris ce quiz